LEADER 00976nam a2200265 u 4500 001 000000072972 003 CaOOAMICUS 005 20070226122311.0 008 020625s1975 gw u000 u ger u 020 $a3857400439 035 $a10934707 040 $aPUL(R)$bita 100 1 $aImfeld, Al.$0(OLS)http://pul/name/48310 245 10$aChina als Entwicklungsmodell /$cAl Imfeld. 260 $aFreiburg :$bImba Verlag,$c1975. 300 $a134 p. ;$c20 cm 500 $aContiene indice. 651 4$aCina$xStoria.$0(OLS)http://pul/subject/19204 850 $aPUL 852 $aPUL$W1$xDP1 Cons. Gen., Altre Classi 1$y22$m842 A 106$j94354$nBK-PRI$b $qStampati$B94354$CPULBib$Z2$F94354 $H $81 941 1 $a8 961 $aINV: 63953 996 $6020$a3857400439$9(OLS)http://pul/number/94165 996 $6245$aChina als Entwicklungsmodell$9(OLS)http://pul/title/95973 996 $6260$aFreiburg :$bImba Verlag$9(OLS)http://pul/publisher/74189 LEADER 01296nam a2200277 u 4500 001 000000073120 003 CaOOAMICUS 005 20070226122321.0 008 020626s1999 it u000 u ger u 035 $a10934965 040 $aPUL(R)$bita 100 1 $aGutberlet, Albert.$0(OLS)http://pul/name/48399 245 10$aPerspektive einer Philosophie nach Hegel und Heidegger /$cauctore Albert Gutberlet .. 260 $aRoma :$b[s.n.],$c1999. 300 $a83 p. ;$c24 cm 500 $aIn testa al front.: "Athenaeum Regina Apostolorum, Facultas Philosophiae". 500 $aSul front.: Excerptum ex dissertatione ad doctoratum exsequendum in Facultate philosophiae Pontificii Athenaei Regina Apostolorum. 504 $aBibliografia: p. 54-77. 600 14$aHegel, Karl,$d1813-1901.$0(OLS)http://pul/subject/22199 600 14$aHeidegger, Martin,$d1889-1976.$0(OLS)http://pul/subject/4860 710 2 $aAteneo Pontificio Regina Apostolorum.$0(OLS)http://pul/name/41647 850 $aPUL 852 $aPUL$W1$xDP1 Tesi At Regina Apostolorum$y42$mTH REG 2$j94521$nBK-PRI$b $qTesi$B94521$CPULBib$Z2$F94521 $81 941 1 $a16 996 $6245$aPerspektive einer Philosophie nach Hegel und Heidegger$9(OLS)http://pul/title/96144 996 $6260$aRoma :$b[s.n.]$9(OLS)http://pul/publisher/47958